Normal view MARC view
  • DIXON.F.W

Entry Personal Name

Number of records used in: 1

001 - CONTROL NUMBER

  • control field: 6815

003 - CONTROL NUMBER IDENTIFIER

  • control field: OSt

005 - DATE AND TIME OF LATEST TRANSACTION

  • control field: 20180730121722.0

008 - FIXED-LENGTH DATA ELEMENTS

  • fixed length control field: 180730|| aca||aabn | a|a d

040 ## - CATALOGING SOURCE

  • Original cataloging agency: OSt

100 ## - HEADING--PERSONAL NAME

  • Personal name: DIXON.F.W

Powered by Koha